[Event "Split op 12th"]
[Site "Split"]
[Date "2023.08.11"]
[Round "7"]
[White "Bacetic, Marin"]
[Black "Vojak, Daniel"]
[Result "0-1"]
[WhiteElo "2069"]
[BlackElo "2291"]
[PlyCount "58"]
[EventDate "2023.08.05"]
[EventType "swiss"]
[EventRounds "9"]
[EventCountry "CRO"]
[SourceTitle "CBM 215 Extra"]
[Source "ChessBase"]
[SourceDate "2023.09.30"]
[SourceVersion "1"]
[SourceVersionDate "2023.09.30"]
[SourceQuality "1"]

1. d4 Nf6 2. c4 c5 3. Nf3 g6 4. g3 Bg7 5. Bg2 0-0 6. 0-0 Nc6 7. Nc3 d6 8. dxc5 dxc5 9. Be3 Be6 10. Qa4 Nd7 11. Ng5 Bf5 12. Rfd1 Nd4 13. Bxd4 cxd4 14. Nb5 Qb6 15. Nf3 e5 16. Qa3 Nc5 17. b4 Ne4 18. Qb3 a6 19. Na3 Nc3 20. c5 Qc7 21. Re1 a5 22. Nc2 axb4 23. Nxb4 Qxc5 24. Nd3 Qd6 25. Nh4 Be6 26. Qb4 Qxb4 27. Nxb4 e4 28. f4 Ra4 29. a3 Rfa8 0-1

[Event "Split op 12th"]
[Site "Split"]
[Date "2023.08.06"]
[Round "2"]
[White "Maksimovic, Bojan"]
[Black "Bacetic, Marin"]
[Result "1-0"]
[WhiteElo "2476"]
[BlackElo "2069"]
[PlyCount "133"]
[EventDate "2023.08.05"]
[EventType "swiss"]
[EventRounds "9"]
[EventCountry "CRO"]
[SourceTitle "CBM 215 Extra"]
[Source "ChessBase"]
[SourceDate "2023.09.30"]
[SourceVersion "1"]
[SourceVersionDate "2023.09.30"]
[SourceQuality "1"]

1. e4 e5 2. Nf3 Nf6 3. Nxe5 d6 4. Nf3 Nxe4 5. d4 d5 6. Bd3 Nc6 7. 0-0 Be7 8. Nbd2 Nxd2 9. Bxd2 Bg4 10. c3 0-0 11. h3 Bh5 12. g3 Qd7 13. Kg2 Bg6 14. Qc2 Rae8 15. Rae1 a6 16. Re3 Bf6 17. Bxg6 hxg6 18. Rfe1 Rxe3 19. fxe3 Re8 20. e4 dxe4 21. Rxe4 Rxe4 22. Qxe4 Qe7 23. Qxe7 Nxe7 24. g4 Nd5 25. c4 Nb6 26. b3 c6 27. Kf2 Kf8 28. Ke3 Ke8 29. Ke4 Nd7 30. Bf4 Bd8 31. g5 f6 32. h4 Ke7 33. d5 Nc5+ 34. Ke3 cxd5 35. cxd5 Bb6 36. Ke2 Ne4 37. Kd3 Nd6 38. Nd4 Bxd4 39. Kxd4 b6 40. a4 a5 41. Kd3 Kd7 42. Be3 Kc7 43. Bd4 Ne8 44. Ke4 Nd6+ 45. Kf4 Ne8 46. Kg4 Kb7 47. Kf3 Kc7 48. Ke4 Nd6+ 49. Kd3 Ne8 50. Kc2 Kb7 51. Kd3 Kc7 52. b4 axb4 53. Kc4 Kb7 54. Kxb4 Nc7 55. Kc4 Ne8 56. Kd3 Kc7 57. Bc3 Kd7 58. Bd4 Kc7 59. Bb2 Kb7 60. Ba3 Kc7 61. Bf8 Kd7 62. Ke4 Nd6+ 63. Kf4 Ne8 64. Kf3 Kc7 65. Bxg7 fxg5 66. Be5+ Kd7 67. hxg5 1-0

[Event "Split op 10th"]
[Site "Split"]
[Date "2021.08.01"]
[Round "2"]
[White "Bacetic, Marin"]
[Black "Tica, Sven"]
[Result "0-1"]
[WhiteElo "2045"]
[BlackElo "2387"]
[PlyCount "64"]
[EventDate "2021.07.31"]
[EventType "swiss"]
[EventRounds "9"]
[EventCountry "CRO"]
[SourceTitle "CBM 203 Extra"]
[Source "ChessBase"]
[SourceDate "2021.09.30"]
[SourceVersion "1"]
[SourceVersionDate "2021.09.30"]
[SourceQuality "1"]

1. d4 d5 2. c4 e6 3. g3 Nf6 4. Bg2 Bb4+ 5. Bd2 Be7 6. Nf3 c6 7. Qc2 b6 8. cxd5 cxd5 9. Nc3 0-0 10. Nb5 a6 11. Nc3 Bb7 12. Ne5 Nbd7 13. Nd3 Rc8 14. 0-0 Ne4 15. Rac1 b5 16. Qd1 Qb6 17. e3 b4 18. Nxe4 dxe4 19. Nf4 e5 20. dxe5 Nxe5 21. Qe2 g5 22. Nh5 Qe6 23. h3 Qxa2 24. Bxb4 Bxb4 25. Nf6+ Kg7 26. Nxe4 Rxc1 27. Rxc1 Bxe4 28. Bxe4 Qe6 29. f4 Nd7 30. Qd3 Nf6 31. Bf5 Rd8 32. Bxe6 Rxd3 0-1

[Event "Split op 9th"]
[Site "Split"]
[Date "2019.08.07"]
[Round "5"]
[White "Bacetic, Marin"]
[Black "Montilli, Vincenzo"]
[Result "0-1"]
[WhiteElo "2026"]
[BlackElo "2263"]
[PlyCount "56"]
[EventDate "2019.08.03"]
[EventType "swiss"]
[EventRounds "9"]
[EventCountry "CRO"]
[SourceTitle "CBM 191 Extra"]
[Source "ChessBase"]
[SourceDate "2019.09.30"]
[SourceVersion "1"]
[SourceVersionDate "2019.09.30"]
[SourceQuality "1"]

1. d4 Nf6 2. c4 c5 3. Nf3 g6 4. g3 Bg7 5. Bg2 0-0 6. 0-0 d6 7. Nc3 Nc6 8. h3 cxd4 9. Nxd4 Bd7 10. Nc2 a6 11. Qd2 Qa5 12. Ne3 b5 13. Rd1 Rab8 14. cxb5 axb5 15. Ncd5 Qxd2 16. Rxd2 Nxd5 17. Nxd5 e6 18. Nf4 d5 19. Rc2 Rfc8 20. Nd3 Nd4 21. Rxc8+ Rxc8 22. e3 Ne2+ 23. Kf1 Nxc1 24. Rxc1 Rxc1+ 25. Nxc1 Bxb2 26. Nb3 b4 27. Ke2 Bb5+ 28. Kf3 Bd3 0-1

[Event "CRO-chT U20 22nd"]
[Site "Durdevac"]
[Date "2013.03.30"]
[Round "9"]
[White "Udovicic, Dominik"]
[Black "Bacetic, Marin"]
[Result "1-0"]
[WhiteElo "1657"]
[BlackElo "1813"]
[PlyCount "89"]
[EventDate "2013.03.25"]
[EventType "team-tourn"]
[EventRounds "9"]
[EventCountry "CRO"]
[SourceTitle "CBM 153 Extra"]
[Source "ChessBase"]
[SourceDate "2013.04.22"]
[SourceVersion "1"]
[SourceVersionDate "2013.04.22"]
[SourceQuality "1"]

1. d4 Nf6 2. c4 g6 3. Nc3 Bg7 4. e4 d6 5. Nf3 0-0 6. Be2 e5 7. Be3 Nc6 8. d5 Ne7 9. Nd2 Ne8 10. Qc2 f5 11. f3 Nf6 12. 0-0-0 Nd7 13. g4 f4 14. Bf2 b6 15. g5 Nc5 16. h4 Kf7 17. Rdg1 Bd7 18. h5 Rh8 19. h6 Bf8 20. b4 Nb7 21. Nb3 Nc8 22. Qb2 Be7 23. Bh4 a6 24. a4 Qe8 25. Qa3 Qd8 26. Kd2 a5 27. b5 Bf8 28. Bf1 Ne7 29. Ne2 Ng8 30. Qb2 Be7 31. Nxf4 Nxh6 32. Ne2 Kg8 33. f4 exf4 34. gxh6 Qf8 35. Bxe7 Qxe7 36. Nxf4 Qe5 37. Qxe5 dxe5 38. Nd3 Re8 39. c5 Bc8 40. Bh3 Bxh3 41. Rxh3 bxc5 42. Nbxc5 Nd6 43. Kc3 Kf7 44. Rf3+ Ke7 45. Nxe5 1-0

[Event "CRO-chT U20 22nd"]
[Site "Durdevac"]
[Date "2013.03.28"]
[Round "7"]
[White "Krsnik Cohar, Ivan Vihor"]
[Black "Bacetic, Marin"]
[Result "1/2-1/2"]
[WhiteElo "2046"]
[BlackElo "1813"]
[PlyCount "81"]
[EventDate "2013.03.25"]
[EventType "team-tourn"]
[EventRounds "9"]
[EventCountry "CRO"]
[SourceTitle "CBM 153 Extra"]
[Source "ChessBase"]
[SourceDate "2013.04.22"]
[SourceVersion "1"]
[SourceVersionDate "2013.04.22"]
[SourceQuality "1"]

1. d4 d5 2. Bg5 h6 3. Bh4 c6 4. e3 Qb6 5. Qc1 e5 6. c3 e4 7. Nd2 Be7 8. Bg3 Nf6 9. Be2 0-0 10. f3 Bf5 11. fxe4 Nxe4 12. Nxe4 Bxe4 13. Nf3 Nd7 14. 0-0 Rfe8 15. Qd2 Nf6 16. Ne5 Bd6 17. Rf2 Bxe5 18. Bxe5 Nd7 19. Bf4 Re6 20. Bg4 f5 21. Be2 Kh7 22. Bd3 Nf6 23. Be5 g6 24. Bxf6 Bxd3 25. Qxd3 Rxf6 26. g4 Raf8 27. Raf1 Kg7 28. gxf5 Rxf5 29. Rxf5 Rxf5 30. Rxf5 gxf5 31. b3 Kf6 32. c4 Qa5 33. Qe2 Kg5 34. Kf2 Qc3 35. cxd5 cxd5 36. Kf3 Qa1 37. h4+ Kf6 38. Kg2 Qb1 39. Qf2 Qe4+ 40. Kh2 Qg4 41. Qe1 1/2-1/2

[Event "Split op 2nd"]
[Site "Split"]
[Date "2012.08.11"]
[Round "1"]
[White "Thiel, Kuno"]
[Black "Bacetic, Marin"]
[Result "1-0"]
[WhiteElo "2215"]
[BlackElo "1811"]
[PlyCount "33"]
[EventDate "2012.08.11"]
[EventType "swiss"]
[EventRounds "9"]
[EventCountry "CRO"]
[SourceTitle "CBM 149 Extra"]
[Source "ChessBase"]
[SourceDate "2012.08.24"]
[SourceVersion "1"]
[SourceVersionDate "2012.08.24"]
[SourceQuality "1"]

1. Nf3 Nf6 2. c4 g6 3. g3 Bg7 4. Bg2 d6 5. d4 0-0 6. 0-0 Nbd7 7. Qc2 e5 8. Rd1 Qe7 9. Nc3 c6 10. b3 e4 11. Ng5 d5 12. cxd5 cxd5 13. Nb5 Ne8 14. Nh3 Nc5 15. Ba3 b6 16. Nc3 Bxd4 17. Rxd4 1-0

[Event "CRO-ch U19"]
[Site "Topusko"]
[Date "2012.07.26"]
[Round "6"]
[White "Bacetic, Marin"]
[Black "Rodic, Marjan"]
[Result "1-0"]
[WhiteElo "1811"]
[BlackElo "1767"]
[PlyCount "83"]
[EventDate "2012.??.??"]
[EventType "swiss"]
[EventRounds "9"]
[EventCountry "CRO"]
[SourceTitle "EXT 2013"]
[Source "ChessBase"]
[SourceDate "2012.11.22"]
[SourceVersion "1"]
[SourceVersionDate "2012.11.22"]
[SourceQuality "1"]

1. d4 d5 2. Nf3 Bf5 3. e3 Nf6 4. Bd3 Bxd3 5. cxd3 e6 6. 0-0 Bd6 7. Nc3 Nbd7 8. e4 dxe4 9. dxe4 Bb4 10. Qe2 0-0 11. Bg5 Qe8 12. Rac1 c5 13. dxc5 Bxc5 14. e5 Nd5 15. Rfd1 Rc8 16. Nxd5 exd5 17. Rxd5 h6 18. Qd2 hxg5 19. Rxd7 Bxf2+ 20. Kxf2 Rxc1 21. Rxb7 Qc8 22. Qd7 Rc2+ 23. Kg3 Qxd7 24. Rxd7 Rxb2 25. Rxa7 g4 26. Kxg4 Rxg2+ 27. Kf5 g6+ 28. Ke4 f5+ 29. Kd5 g5 30. e6 g4 31. Nh4 Rxh2 32. Ng6 Re8 33. Ne7+ Kh8 34. Ng6+ Kg8 35. Ne7+ Rxe7 36. Rxe7 Rd2+ 37. Ke5 g3 38. Kf6 f4 39. Rg7+ Kh8 40. e7 Re2 41. Rg4 g2 42. Kf7 1-0

[Event "CRO-ch U19"]
[Site "Topusko"]
[Date "2012.07.24"]
[Round "3"]
[White "Dejanovic, Dragan"]
[Black "Bacetic, Marin"]
[Result "1/2-1/2"]
[WhiteElo "1703"]
[BlackElo "1811"]
[PlyCount "37"]
[EventDate "2012.??.??"]
[EventType "swiss"]
[EventRounds "9"]
[EventCountry "CRO"]
[SourceTitle "EXT 2013"]
[Source "ChessBase"]
[SourceDate "2012.11.22"]
[SourceVersion "1"]
[SourceVersionDate "2012.11.22"]
[SourceQuality "1"]

1. d4 Nf6 2. Bg5 h6 3. Bh4 c5 4. e3 Qb6 5. b3 Nc6 6. c3 e6 7. Nf3 Be7 8. Nbd2 d5 9. Bd3 Bd7 10. 0-0 g5 11. Bg3 Nh5 12. Ne5 Nxg3 13. Nxd7 Kxd7 14. fxg3 f6 15. g4 cxd4 16. exd4 Nxd4 17. Kh1 Nc6 18. c4 d4 19. c5 1/2-1/2

[Event "CRO-ch U19"]
[Site "Topusko"]
[Date "2012.07.23"]
[Round "1"]
[White "Vujec, Ivan"]
[Black "Bacetic, Marin"]
[Result "1-0"]
[WhiteElo "2124"]
[BlackElo "1811"]
[PlyCount "75"]
[EventDate "2012.??.??"]
[EventType "swiss"]
[EventRounds "9"]
[EventCountry "CRO"]
[SourceTitle "EXT 2013"]
[Source "ChessBase"]
[SourceDate "2012.11.22"]
[SourceVersion "1"]
[SourceVersionDate "2012.11.22"]
[SourceQuality "1"]

1. d4 Nf6 2. c4 g6 3. Nc3 Bg7 4. e4 d6 5. Nf3 0-0 6. Be2 Na6 7. 0-0 e5 8. Rb1 exd4 9. Nxd4 Nc5 10. f3 a5 11. b3 Bd7 12. Bg5 Ne6 13. Nxe6 fxe6 14. Qd2 Qe8 15. Rfd1 Bc6 16. a3 b6 17. Bf1 Nd7 18. Ne2 Ne5 19. Nd4 Nf7 20. Be3 Ne5 21. Be2 Bb7 22. b4 axb4 23. axb4 Ba6 24. Rdc1 Qf7 25. c5 Bxe2 26. Qxe2 bxc5 27. bxc5 d5 28. Bf2 Rfb8 29. Bg3 Bh6 30. Bxe5 Bxc1 31. Rxc1 Ra4 32. Nb5 dxe4 33. fxe4 Qd7 34. c6 Qc8 35. Bxc7 Rba8 36. Be5 Ra2 37. Qc4 R8a4 38. Qf1 1-0

[Event "CRO-chT U20 21st"]
[Site "Topusko"]
[Date "2012.04.03"]
[Round "5.44"]
[White "Safar, Sandro"]
[Black "Bacetic, Marin"]
[Result "0-1"]
[WhiteElo "1575"]
[BlackElo "1859"]
[PlyCount "112"]
[EventDate "2012.04.01"]
[EventType "team-tourn"]
[EventRounds "11"]
[EventCountry "CRO"]
[SourceTitle "EXT 2013"]
[Source "ChessBase"]
[SourceDate "2012.11.22"]
[SourceVersion "1"]
[SourceVersionDate "2012.11.22"]
[SourceQuality "1"]

1. e4 c6 2. Nc3 d5 3. exd5 cxd5 4. d4 Nf6 5. Nf3 Bf5 6. Bd3 Bxd3 7. Qxd3 e6 8. Bg5 a6 9. a3 h6 10. Bh4 Be7 11. h3 Nbd7 12. 0-0 0-0 13. Rae1 Nb6 14. Bxf6 Bxf6 15. b3 Rc8 16. Nh2 Qc7 17. Re3 Be7 18. Ra1 Bg5 19. Rf3 Bf4 20. g3 Bd6 21. Ng4 Qe7 22. Qd2 Qg5 23. Re3 h5 24. f4 Qg6 25. Ne5 Bxe5 26. Rxe5 Qxg3+ 27. Kh1 Qxc3 28. Qd1 Qxh3+ 29. Kg1 Rc3 30. Rg5 Rg3+ 31. Rxg3 Qxg3+ 32. Kh1 Qh3+ 33. Kg1 Qg4+ 34. Qxg4 hxg4 35. Kf2 Rc8 36. Rc1 Rc3 37. Ke2 Rh3 38. a4 Rh2+ 39. Ke3 g3 40. Kf3 Rd2 41. Ke3 Rf2 42. a5 Nc8 43. c4 Nd6 44. cxd5 exd5 45. Rc7 Nf5+ 46. Kd3 g2 47. Rc8+ Kh7 48. Rc1 Rf1 49. Rc8 g1Q 50. Kc2 Rc1+ 51. Kb2 Rxc8 52. Ka3 Qxd4 53. Ka2 Qb4 54. Kb2 Nd4 55. Ka1 Qxb3 56. f5 Nc2# 0-1

[Event "Split SDZ op"]
[Site "Split"]
[Date "2012.03.22"]
[Round "6"]
[White "Bacetic, Marin"]
[Black "Tomas, Ante"]
[Result "0-1"]
[WhiteElo "1859"]
[BlackElo "1741"]
[PlyCount "119"]
[EventDate "2012.03.17"]
[EventType "swiss"]
[EventRounds "9"]
[EventCountry "CRO"]
[SourceTitle "EXT 2013"]
[Source "ChessBase"]
[SourceDate "2012.11.22"]
[SourceVersion "1"]
[SourceVersionDate "2012.11.22"]
[SourceQuality "1"]

1. d4 d5 2. Nf3 Nf6 3. g3 e6 4. Bg5 h6 5. Bxf6 Qxf6 6. Bg2 c5 7. c3 Nc6 8. 0-0 Bd6 9. dxc5 Bxc5 10. e3 0-0 11. Nd4 Bd7 12. Qf3 Qxf3 13. Bxf3 Rac8 14. Nd2 Nxd4 15. exd4 Bd6 16. Rfe1 a6 17. Bg2 Rfe8 18. f4 b5 19. a3 g5 20. fxg5 hxg5 21. Nf3 f6 22. Re3 e5 23. Rae1 e4 24. Nd2 f5 25. R3e2 f4 26. gxf4 gxf4 27. Bxe4 dxe4 28. Nxe4 Re6 29. Nxd6 Rxd6 30. Re7 Rg6+ 31. Kf2 Bc6 32. Rg1 Rxg1 33. Kxg1 f3 34. Kf2 a5 35. h4 a4 36. h5 Re8 37. Rxe8+ Bxe8 38. Kxf3 Bxh5+ 39. Ke4 Be2 40. Kd5 Kf7 41. Kc6 Ke7 42. d5 Bc4 43. d6+ Kd8 44. d7 Be2 45. Kd6 Bg4 46. Kc5 Be2 47. Kc6 Bd3 48. Kd6 Bf5 49. Kc5 Bxd7 50. c4 bxc4 51. Kxc4 Be6+ 52. Kc3 Kd7 53. Kc2 Ba2 54. Kd2 Kd6 55. Kd3 Ke5 56. Ke3 Kd5 57. Kd3 Ke5 58. Ke2 Ke4 59. Ke1 Kd4 60. Kd1 0-1

[Event "Split SDZ op"]
[Site "Split"]
[Date "2012.03.21"]
[Round "5"]
[White "Bocina, Darko"]
[Black "Bacetic, Marin"]
[Result "1-0"]
[WhiteElo "2150"]
[BlackElo "1859"]
[PlyCount "113"]
[EventDate "2012.03.17"]
[EventType "swiss"]
[EventRounds "9"]
[EventCountry "CRO"]
[SourceTitle "EXT 2013"]
[Source "ChessBase"]
[SourceDate "2012.11.22"]
[SourceVersion "1"]
[SourceVersionDate "2012.11.22"]
[SourceQuality "1"]

1. e4 g6 2. d4 Bg7 3. Nc3 d6 4. Be3 Nd7 5. Bc4 e6 6. Qd2 h6 7. 0-0-0 a6 8. a3 b5 9. Ba2 Nb6 10. d5 e5 11. f3 Bd7 12. h4 f5 13. exf5 gxf5 14. f4 e4 15. Nge2 a5 16. Bxb6 cxb6 17. Nd4 b4 18. Ncb5 Bxb5 19. Nxb5 Qf6 20. c3 bxc3 21. Nxc3 Rc8 22. Kb1 Ne7 23. g4 fxg4 24. Nxe4 Qg6 25. Qd3 0-0 26. h5 Qf5 27. Rhf1 Rfd8 28. Ka1 Qxh5 29. Bb1 Qf7 30. Ng5 Qf6 31. Qh7+ Kf8 32. Ne6+ Kf7 33. Nxg7 Qxg7 34. Qe4 Qf6 35. f5 b5 36. Qxg4 Rc4 37. Qh5+ Kf8 38. Rh1 Ng8 39. Rh3 b4 40. Qe2 bxa3 41. Rxa3 Rb4 42. Rd2 Ne7 43. Qe6 Ng8 44. Rg2 Qf7 45. Rxa5 Rb6 46. Rg6 Rdb8 47. Qxf7+ Kxf7 48. Ra7+ Kf8 49. Rg2 Nf6 50. Ba2 R6b7 51. Rxb7 Rxb7 52. Rg6 Ng8 53. Rxd6 Rf7 54. Rd8+ Kg7 55. d6 Rxf5 56. Rxg8+ Kh7 57. d7 1-0